Statistiken für In welchem Land wurde das Bild aufgenommen? 2

Klicken Sie hier um das Quiz zu spielen!

Allgemein

  • Dieses Quiz wurde 157 mal gespielt
    (104 seit der letzten Aktualisierung)
  • Das Durchschnittsergebnis liegt bei 12 aus 16

Antwortstatistiken

Antwort% Korrekt
Japan
98%
Australien
95%
Deutschland
93%
Griechenland
93%
USA
91%
Belgien
82%
Norwegen
77%
Grönland (Dänemark)
72%
Spanien
71%
Vietnam
71%
England (Vereinigtes Königreich)
69%
Singapur
60%
Südkorea
60%
Island
57%
Malaysia
57%
Laos
37%

Verteilung der Resultate

Perzentil nach korrekt beantworteten Fragen

Anzahl Personen mit jedem Resultat

Ihre Resultats-Entwicklung

Sie haben dieses Quiz seit der letzten Aktualisierung nicht gespielt